Quick Pick: Secret Service Codenames Quiz Stats

 Plays Quiz Updated Mar 10, 2017

Support Sporcle.
Go Orange.
Score 0/10 Timer 01:00
0 Plays Today
% Correct
Renegade
65.4%
Diamond
62%
Dragon
55.4%
Mahogany
53.8%
Calico
53.2%
Renaissance
49.5%
Deckhand
47.3%
Seminole
47.2%
Sunnyside
46.5%
Photograph
41.1%

Today's Daily Dose

You're not logged in!

Compare scores with friends on all Sporcle quizzes.
OR
Log In

From the Vault

Build England with Premier League Teams

by bortoluka

It'd be really hard to build any sort of stable structure out of soccer balls.
Remove Ads.
Support Sporcle.
Get the best of Sporcle when you Go Orange. This ad-free experience offers more features, more stats, and more fun while also helping to support Sporcle. Thank you for becoming a member.

Show Comments

Extras

Top Quizzes Today


Score Distribution

Your Account Isn't Verified!

In order to create a playlist on Sporcle, you need to verify the email address you used during registration. Go to your Sporcle Settings to finish the process.

Report this User

Report this user for behavior that violates our Community Guidelines.

Details: